000 00388 a2200169 4500
000 nam a22 7a 4500
001 1937
005 20260410124331.0
020 _a978-82-12345-67-8
100 _aR.K. Sharma
110 _aR.K. Sharma
245 _aLibrary Managment System
250 _a2nd
260 _bABC Publication
_c2026
264 _bABC Publication
_c2026
942 _cBK
999 _c1937
_d1937